Statistiken für Nenne alle ICE/IC-Namen

Klicken Sie hier um das Quiz zu spielen!

Allgemein

  • Dieses Quiz wurde 91 mal gespielt
    (55 seit der letzten Aktualisierung)
  • Das Durchschnittsergebnis liegt bei 103 aus 256

Antwortstatistiken

ICE/IC-ModellName% Korrekt
ICE TBerlin
94%
ICE TDresden
85%
ICE 3München "Regenbogen"
85%
ICE TLeipzig
82%
ICE 1Nürnberg
82%
ICE 3Aachen
79%
ICE 1Bremen
79%
ICE 3Duisburg
79%
ICE 3MFrankfurt am Main
79%
ICE 2Frankfurt (Oder)
79%
ICE 3MHannover
79%
ICE 3MKöln
79%
ICE 3Dortmund
76%
ICE TJena
76%
ICE 2Ulm
76%
ICE 3Augsburg
74%
ICE 2Bochum
74%
ICE TErfurt
74%
ICE TFreie und Hansestadt Hamburg
74%
ICE THalle (Saale)
74%
ICE 3Ingolstadt
74%
ICE TKassel
74%
ICE TKiel
74%
ICE 3MMannheim
74%
ICE 2Bonn
71%
ICE 2Cottbus/Chóśebuz
71%
ICE 3MDüsseldorf
71%
ICE 3Freiburg im Breisgau
71%
ICE THansestadt Rostock
71%
ICE 2Koblenz
71%
ICE 3MFWürzburg
71%
ICE 4Baden-Württemberg
68%
ICE 2Bielefeld
68%
ICE 1Flensburg
68%
ICE THansestadt Stralsund
68%
ICE THomburg/Saar
68%
ICE TKarlsruhe
68%
ICE TMainz
68%
ICE 2Potsdam
68%
ICE 1Regensburg
68%
ICE 2Saarbrücken
68%
ICE 3Wiesbaden
68%
ICE 3Wolfsburg
68%
ICE 1Bremerhaven
65%
ICE TDarmstadt
65%
ICE 3Göttingen
65%
ICE 3Mönchengladbach
65%
ICE 1Offenbach am Main
65%
ICE 1Osnabrück
65%
ICE3neoRheinland
65%
ICE 4Rheinland-Pfalz
65%
ICE 2Schwerin
65%
ICE 2Essen
62%
ICE 4Freistaat Bayern
62%
ICE 4Freistaat Sachsen
62%
ICE 3Fürth
62%
ICE 1Hof
62%
ICE 3Konstanz
62%
ICE 3Leverkusen
62%
ICE 3Münster (Westf.)
62%
ICE 2Oldenburg (Oldb)
62%
ICE TPassau
62%
ICE TTrier
62%
ICE 3Westerland/Sylt
62%
ICE TBamberg
59%
ICE 2Brandenburg an der Havel
59%
ICE 2Braunschweig
59%
ICE TEisenach
59%
ICE TErlangen
59%
ICE 1Fulda
59%
ICE 1Gelsenkirchen
59%
ICE 2Görlitz
59%
ICE 2Hagen
59%
ICE 1Hanau
59%
ICE THansestadt Greifswald
59%
ICE THeidelberg
59%
ICE 2Magdeburg
59%
ICE 1Neumünster
59%
ICE 3MParis
59%
ICE 3Solingen
59%
ICE 3MAmsterdam
56%
ICE 2Hamm (Westf.)
56%
ICE 1Lüneburg
56%
ICE 4Nordrhein-Westfalen
56%
ICE 3Offenburg
56%
ICE 4Schleswig-Holstein
56%
ICE 3Stuttgart
56%
ICE TWeimar
56%
ICE 3Aalen
53%
ICE 1Aschaffenburg
53%
ICE 1Basel
53%
ICE TBingen am Rhein
53%
ICE 3Brussel/Bruxelles
53%
ICE 2Dessau
53%
ICE 1Gütersloh
53%
ICE TKaiserslautern
53%
ICE 1Ludwigshafen am Rhein
53%
ICE TPaderborn
53%
ICE TWien
53%
ICE 2Wuppertal
53%
ICE 2Zwickau
53%
ICE 2Bitterfeld-Wolfen
50%
ICE 3Celle
50%
ICE 1Hildesheim
50%
ICE 3Krefeld
50%
ICE TMarburg
50%
ICE 3Oberhausen
50%
ICE 3Recklinghausen
50%
ICE 1Zürich
50%
ICE 3Baden-Baden
47%
ICE 1Gießen
47%
ICE 3Goslar
47%
ICE TGotha
47%
ICE THansestadt Wismar
47%
ICE 3MFLimburg an der Lahn
47%
ICE TNeubrandenburg
47%
ICE 1Pforzheim
47%
ICE 2Stendal
47%
ICE 1Friedrichshafen
44%
ICE 1Garmisch-Partenkirchen
44%
ICE 3Siegen
44%
ICE 3Bergisch Gladbach
41%
ICE-TDKøbenhavn
41%
ICE TLinz
41%
ICE 2Minden
41%
ICE TMühlhausen/Thüringen
41%
ICE 1Mülheim an der Ruhr
41%
ICE TOstseebad Binz
41%
ICE 1Rosenheim
41%
ICE TSalzburg
41%
ICE 2Uelzen
41%
ICE 2Bautzen/Budyšin
38%
ICE TCoburg
38%
ICE 2Lutherstadt Wittenberg
38%
ICE 3Montabaur
38%
ICE 3Neu-Ulm
38%
ICE TReutlingen
38%
ICE TInnsbruck
35%
ICE 1Interlaken
35%
ICE 1Itzehoe
35%
ICE TPlauen/Vogtland
35%
ICE 3Siegburg
35%
ICE TVillingen-Schwenningen
35%
ICE 1Worms
35%
ICE 3MAnsbach
32%
ICE 2Bergen auf Rügen
32%
ICE 1Bruchsal
32%
ICE 4Bundesrepublik Deutschland
32%
ICE 1Crailsheim
32%
ICE 3Esslingen am Neckar
32%
ICE 3MEuropa/Europe
32%
ICE 1Landshut
32%
ICE 4Martin Luther
32%
ICE TNeustadt an der Weinstraße
32%
ICE 3Ravensburg
32%
ICE 1Plattling
29%
ICE 3MFSchwäbisch Hall
29%
ICE 3MArnhem
26%
ICE 2Bad Hersfeld
26%
ICE 1Bad Oldesloe
26%
ICE 1Bebra
26%
ICE 2Eberswalde
26%
ICE THorb am Neckar
26%
ICE 2Ludwigslust
26%
ICE 2Saalfeld (Saale)
26%
ICE 3Tuttlingen
26%
ICE TAndernach
24%
ICE TIlmenau
24%
ICE TMeißen
24%
ICE TNaumburg (Saale)
24%
ICE 1Rendsburg
24%
ICE 2Riesa
24%
ICE 3Singen (Hohentwiel)
24%
ICE TWaren (Müritz)
24%
ICE 4Zürichsee
24%
ICE 3MDillingen a. d. Donau
21%
ICE TGüstrow
21%
ICE 1Memmingen
21%
ICE 2Neustrelitz
21%
ICE 3Nördlingen
21%
ICE TOstseebad Warnemünde
21%
ICE TPirna
21%
ICE 1Chur "30 Jahre ICE"
18%
ICE 1Frankenthal/Pfalz
18%
ICE THansestadt Warburg
18%
ICE 3Herford
18%
ICE 1Lichtenfels
18%
ICE 2Lübbenau/Spreewald
18%
ICE TOschatz
18%
ICE TVaihingen an der Enz
18%
ICE TWittenberge
18%
IC2Allgäu
15%
ICE TAltenbeken
15%
ICE 2Altenburg
15%
ICE 1Castrop-Rauxel
15%
ICE TEllwangen
15%
ICE 3MEuregio Maas-Rhein
15%
ICE TFalkenberg/Elster
15%
ICE 2Fontanestadt Neuruppin
15%
ICE 1Gelnhausen
15%
ICE 1Jever
15%
ICE 2Meiningen
15%
ICE 4Metropole Ruhr
15%
ICE 3Murnau am Staffelsee
15%
ICE TPrenzlau
15%
ICE TTorgau
15%
ICE TTraunstein
15%
ICE 3Treuchtlingen
15%
ICE TElsterwerda
12%
ICE 4Female ICE
12%
ICE 3MFForbach-Lorraine
12%
ICE 1Freilassing
12%
IC2Gäu
12%
ICE 1Geisenheim/Rheingau
12%
ICE 3Hansestadt Lübeck
12%
ICE 2Jüterbog
12%
ICE 1Mühldorf a. Inn
12%
IC2Nationalpark Sächsische Schweiz
12%
ICE TRathenow
12%
IC2Remstal
12%
ICE 3Weil am Rhein
12%
ICE 3Weilheim i. OB
12%
ICE TArnstadt
9%
ICE TBad Oeynhausen
9%
IC2Bodetal
9%
ICE 1Heppenheim/Bergstraße
9%
ICE TMarkt Holzkirchen
9%
ICE 3Mittenwald
9%
IC2Nationalpark Niedersächsisches Wattenmeer
9%
ICE 2Nauen
9%
ICE TOberursel (Taunus)
9%
ICE 2Quedlinburg
9%
ICE 1Rüdesheim am Rhein
9%
ICE 3Schwerte (Ruhr)
9%
ICE 3St. Ingbert
9%
ICE 2Templin
9%
ICE 1Timmendorfer Strand
9%
ICE TTravemünde
9%
ICE 2Delitzsch
6%
IC2Dresden Elbland
6%
ICE 4Handball-EM 2024
6%
IC2Lahntal
6%
ICE 3Linz am Rhein
6%
IC2Magdeburger Börde
6%
IC2Mecklenburgische Ostseeküste
6%
IC2Naturpark Schönbuch
6%
ICE 1Neu-Isenburg
6%
IC2Oberer Neckar
6%
ICE 2Rheinsberg
6%
ICE TRödental
6%
ICE 3Schaffhausen
6%
ICE TSonneberg
6%
ICE 4UEFA Euro 2024
6%
IC2Leipziger Neuseenland
3%
ICE TTutzingen
0%

Verteilung der Resultate

Perzentil nach korrekt beantworteten Fragen

Anzahl Personen mit jedem Resultat

Ihre Resultats-Entwicklung

Sie haben dieses Quiz seit der letzten Aktualisierung nicht gespielt